[Event "Gonzaga Masters 2013"]
[Site "Dublin IRL"]
[Date "2013.02.03"]
[Round "5"]
[White "Creighton, Terry"]
[Black "Porter, Liam"]
[Result "0-1"]
[WhiteElo "1772"]
[BlackElo "1972"]
[WhiteICU "1688"]
[BlackICU "1844"]
[WhiteClub "Elm Mount"]
[BlackClub "Elm Mount"]
[WhiteNationality "IRL"]
[BlackNationality "IRL"]
[WhiteFideId "2503670"]
[BlackFideId "2502992"]
[WhiteICUId "4616"]
[BlackICUId "1383"]
[PlyCount "82"]
[FIDETournamentId "75914"]
[Venue "Gonzaga College, Sandford Road, Ranelagh, Dublin 6"]
[EventDate "2013.02.01"]
[Source "ICU web site"]

{ Source: Herbert Scarry report. } { Reference: <a
href="http://www.irlchess.com/gonzaga2013_allfiles/pairings_gonzaga2013.html">Tournament
report</a>, IRLchess. } { Event information: Herbert Scarry, <a
href="http://icu.ie/articles/372">Gonzaga Classic</a> (tournament report),
ICU web pages, February 2013. }

1. e4 g6 2. Nf3 Bg7 3. g3 d6 4. Bg2 Nc6 5. d3 e5 6. Nc3 Nge7 7. O-O O-O 8.
Be3 h6 9. Qd2 Kh7 10. Rad1 Nd4 11. Bxd4 exd4 12. Ne2 Nc6 13. a3 Be6 14. Nf4
Qd7 15. Nxe6 fxe6 16. Qe2 Rf7 17. e5 Bxe5 18. Nh4 Rg8 19. Rde1 Bf6 20. Nxg6
Kxg6 21. Qg4+ Kh7 22. Be4+ Kh8 23. Qh5 Bg7 24. Qg6 Bf8 25. Qh5 Ne5 26. f4
Ng4 27. Bxb7 Rf5 28. Qh3 Rb5 29. Bf3 Ne3 30. Rxe3 dxe3 31. Re1 Bg7 32. Kg2
Rxb2 33. Rxe3 Rxc2+ 34. Be2 Re8 35. g4 Qc6+ 36. Kf2 Bd4 37. Qxh6+ Kg8 38.
g5 Bxe3+ 39. Kxe3 Qc5+ 40. Kf3 Qd5+ 41. Ke3 Qf5 0-1

[Event "Gonzaga Masters 2013"]
[Site "Dublin IRL"]
[Date "2013.02.03"]
[Round "5"]
[White "Jackson, Carl"]
[Black "Fitzsimons, Pat"]
[Result "0-1"]
[WhiteElo "1940"]
[BlackElo "1793"]
[BlackICU "1636"]
[WhiteClub "Gonzaga"]
[BlackClub "Elm Mount"]
[WhiteNationality "IRL"]
[BlackNationality "IRL"]
[WhiteFideId "2502585"]
[BlackFideId "2502526"]
[BlackICUId "1733"]
[PlyCount "71"]
[FIDETournamentId "75914"]
[Venue "Gonzaga College, Sandford Road, Ranelagh, Dublin 6"]
[EventDate "2013.02.01"]
[Source "ICU web site"]

{ Source: Herbert Scarry report. } { Reference: <a
href="http://www.irlchess.com/gonzaga2013_allfiles/pairings_gonzaga2013.html">Tournament
report</a>, IRLchess. } { Event information: Herbert Scarry, <a
href="http://icu.ie/articles/372">Gonzaga Classic</a> (tournament report),
ICU web pages, February 2013. }

1. e4 e5 2. Bc4 Nc6 3. Nf3 Be7 4. O-O Nf6 5. Nc3 d6 6. h3 O-O 7. d4 exd4 8.
Nxd4 a6 9. f4 Nxd4 10. Qxd4 Bd7 11. e5 Ne8 12. Ne4 b5 13. Bd3 c5 14. Qf2 c4
15. Be2 Bf5 16. Ng5 dxe5 17. fxe5 Bxg5 18. Qxf5 Bxc1 19. Raxc1 Qb6+ 20. Kh1
g6 21. Qe4 Nc7 22. Rf6 Qa7 23. b3 cxb3 24. cxb3 Ne6 25. Bg4 Rac8 26. Rcf1
Rce8 27. Qb4 Qc5 28. Qe4 Ng5 29. Qb7 Qxe5 30. R6f4 Ne4 31. R1f3 Ng3+ 32.
Kh2 Ne2 33. g3 Nxf4 34. Rxf4 Qb2+ 35. Qg2 Qxg2+ 36. Kxg2 0-1

[Event "Gonzaga Masters 2013"]
[Site "Dublin IRL"]
[Date "2013.02.03"]
[Round "5"]
[White "Boyle, Bernard"]
[Black "Buckley, Gerard"]
[Result "1-0"]
[WhiteElo "1929"]
[BlackElo "1934"]
[WhiteICU "1795"]
[BlackICU "1729"]
[WhiteClub "Elm Mount"]
[BlackClub "Malahide"]
[WhiteNationality "IRL"]
[BlackNationality "IRL"]
[WhiteFideId "2501830"]
[BlackFideId "2503239"]
[WhiteICUId "3172"]
[BlackICUId "3075"]
[PlyCount "100"]
[FIDETournamentId "75914"]
[Venue "Gonzaga College, Sandford Road, Ranelagh, Dublin 6"]
[EventDate "2013.02.01"]
[Source "ICU web site"]

{ Source: Herbert Scarry report. } { Reference: <a
href="http://www.irlchess.com/gonzaga2013_allfiles/pairings_gonzaga2013.html">Tournament
report</a>, IRLchess. } { Event information: Herbert Scarry, <a
href="http://icu.ie/articles/372">Gonzaga Classic</a> (tournament report),
ICU web pages, February 2013. }

1. d4 Nf6 2. Bf4 e6 3. e3 c5 4. Nf3 Nc6 5. Nbd2 cxd4 6. exd4 d5 7. c3 Be7
8. Bd3 Bd7 9. Ne5 h6 10. O-O g5 11. Be3 Qc7 12. f4 g4 13. f5 Nxe5 14. dxe5
Bc5 15. Bd4 Ne4 16. fxe6 Bxe6 17. Bxe4 dxe4 18. Nxe4 Be7 19. Nf6+ Bxf6 20.
exf6 O-O-O 21. Qa4 b6 22. Rae1 h5 23. Qa6+ Qb7 24. Qxb7+ Kxb7 25. Rxe6 fxe6
26. f7 Rhf8 27. Bg7 Kc7 28. Bxf8 Rxf8 29. Rf6 Kd7 30. Rh6 Rxf7 31. Rxh5 Kd6
32. Rg5 Rf4 33. g3 Re4 34. Kf2 a5 35. a3 e5 36. Rh5 Kd5 37. h3 gxh3 38.
Rxh3 Kc4 39. Rh4 Kd3 40. Rxe4 Kxe4 41. a4 Kd3 42. g4 e4 43. Ke1 Kc2 44. g5
Kxb2 45. g6 Kxc3 46. g7 Kb4 47. g8=Q Kxa4 48. Qc4+ Ka3 49. Qxe4 b5 50. Qd3+
Ka4 1-0

[Event "Gonzaga Masters 2013"]
[Site "Dublin IRL"]
[Date "2013.02.03"]
[Round "5"]
[White "Janusaitis, Mindaugas"]
[Black "Cichonski, Bartlomiej"]
[Result "1/2-1/2"]
[WhiteElo "1967"]
[BlackElo "2067"]
[BlackICU "1942"]
[WhiteClub "Round Tower"]
[BlackClub "Balbriggan"]
[WhiteNationality "LTU"]
[BlackNationality "IRL"]
[WhiteFideId "12802530"]
[BlackFideId "2503620"]
[BlackICUId "12170"]
[PlyCount "25"]
[FIDETournamentId "75914"]
[Venue "Gonzaga College, Sandford Road, Ranelagh, Dublin 6"]
[EventDate "2013.02.01"]
[Source "ICU web site"]

{ Source: Herbert Scarry report. } { Reference: <a
href="http://www.irlchess.com/gonzaga2013_allfiles/pairings_gonzaga2013.html">Tournament
report</a>, IRLchess. } { Event information: Herbert Scarry, <a
href="http://icu.ie/articles/372">Gonzaga Classic</a> (tournament report),
ICU web pages, February 2013. }

1. e4 d5 2. exd5 Nf6 3. d4 Nxd5 4. c4 Nf6 5. Nc3 Bf5 6. Nf3 e6 7. Bd3 Bxd3
8. Qxd3 Be7 9. O-O O-O 10. Re1 c6 11. h3 Qc7 12. Bg5 Nbd7 13. Rad1 1/2-1/2